000 00204 a2200097 4500
001 48247
100 _aJaved Iq
245 _aZinda Dard
260 _aLahore
_bSheikh Ghulam Ali
_c
090 _c31202
_d31202
942 _aNUST-CAE
_cM
_c23562
999 _c283320
_d283320